| 000 | 00000nam##2200000za#4500 |
| 001 | 9.570202 |
| 003 | CaOODSP |
| 005 | 20210624182129 |
| 007 | cr ||||||||||| |
| 008 | 150406|2006||||xxc|||||o f|0| 0 eng|d |
| 040 | |aCaOODSP|beng |
| 043 | |an-cn--- |
| 086 | 1 |aNH18-1-2/182-2006E-PDF |
| 110 | 2 |aCanada Mortgage and Housing Corporation. |
| 245 | 10|aHousing discrimination against victims of domestic violence : |h[electronic resource]|bCMHC final report / |c[by] Paula C. Barata and Donna E. Stewart. |
| 246 | 1 |iAdditional title (within publication) : |aLa discrimination à l'égard des femmes victimes de violence conjugale qui cherchent un logement |
| 260 | |aOttawa - Ontario : |bCanada Mortgage and Housing Corporation |cMarch 20, 2006 (final report), July 2006 (Research highlight). |
| 300 | |a76p.|breferences, tables |
| 490 | 1 |aResearch report |
| 500 | |aIncludes: Research highlight (Socio-economic series 06-010, July 2006) under the same title. Y compris : Le point en recherche (Série socio-économique 06-010, juillet 2006) sous le titre « La discrimination à l'égard des femmes victimes de violence conjugale qui cherchent un logement ». |
| 546 | |a(Le point en recherche en français.) |
| 590 | |a11-26-Supp|b2011-11-03 |
| 720 | 1 |aBarata, Paula C. |
| 720 | 1 |aStewart, Donna E. |
| 830 | #0|aResearch report (Canada Mortgage and Housing Corporation : Online)|w(CaOODSP)9.506068 |
| 856 | 40|ahttp://publications.gc.ca|qPDF|s868 KB|uhttps://publications.gc.ca/collections/collection_2011/schl-cmhc/nh18-1-2/NH18-1-2-182-2006-eng.pdf |